| 000 | 00436nam a22001697a 4500 | ||
|---|---|---|---|
| 003 | BD-ChCU | ||
| 005 | 20251209131335.0 | ||
| 008 | 251209b bg ||||| |||| 00| 0 ben d | ||
| 040 | _cBD-ChCU | ||
| 082 | _a523.111 STO | ||
| 100 |
_aStern, Phillip D. _917832 |
||
| 245 |
_aOur space environment.// _cPhillip D. Stern. |
||
| 260 |
_aNew York _bHolt. _c1965 |
||
| 300 | _a160p | ||
| 650 | 0 |
_aSpace Science. _917833 |
|
| 942 |
_2ddc _cBK _n0 |
||
| 999 |
_c110292 _d110292 |
||